000
00284nam a2200109Ia 4500
008
221030s9999 xx 000 0 und d
245
0
_a
Potential of 3 G in Chandigarh Market
260
_b
Tata Teleservices Ltd.
_a
Chandigarh
_c
2011
300
_a
45
650
_a
Management
942
_c
TH
999
_c
14910
_d
14910